000 00349nam a2200145Ia 4500
008 230917s9999||||xx |||||||||||||| ||und||
040 _e3898
_aMAIN
041 _aEnglish
082 _a320.947 S89S
100 _aConquest, Robert, ed.
245 0 _aSoviet political system
260 _aLondon
_bBodly Head
_c1968
300 _a144 p.
942 _cBK
999 _c72866
_d72866